Jean d'Alembert, 1717-83. (Record no. 125629)
[ view plain ]
| 000 -LEADER | |
|---|---|
| fixed length control field | 00817cam a22002771 4500 |
| 001 - CONTROL NUMBER | |
| control field | 7040000 |
| 003 - CONTROL NUMBER IDENTIFIER | |
| control field | ARRUPE |
| 005 - DATE AND TIME OF LATEST TRANSACTION | |
| control field | 20161102090955.0 |
| 008 - FIXED-LENGTH DATA ELEMENTS--GENERAL INFORMATION | |
| fixed length control field | 750218s1963 xx 000 0 eng |
| 010 ## - LIBRARY OF CONGRESS CONTROL NUMBER | |
| LC control number | 63004424 |
| 015 ## - NATIONAL BIBLIOGRAPHY NUMBER | |
| National bibliography number | GB63-8790 |
| 035 ## - SYSTEM CONTROL NUMBER | |
| System control number | (OCoLC)1180717 |
| 040 ## - CATALOGING SOURCE | |
| Original cataloging agency | DLC |
| Transcribing agency | TxWB |
| Modifying agency | OCoLC |
| -- | Uk |
| -- | DLC |
| 042 ## - AUTHENTICATION CODE | |
| Authentication code | premarc |
| 050 00 - LIBRARY OF CONGRESS CALL NUMBER | |
| Classification number | B1936 |
| Item number | .G7 1963 |
| 082 ## - DEWEY DECIMAL CLASSIFICATION NUMBER | |
| Classification number | 194 |
| 300 ## - PHYSICAL DESCRIPTION | |
| Other physical details | port. |
| Dimensions | 23 cm. |
| 100 1# - MAIN ENTRY--PERSONAL NAME | |
| Personal name | Grimsley, Ronald. |
| 9 (RLIN) | 27171 |
| 245 10 - TITLE STATEMENT | |
| Title | Jean d'Alembert, 1717-83. |
| Statement of responsibility, etc | Ronald Grimsley |
| 260 ## - PUBLICATION, DISTRIBUTION, ETC. (IMPRINT) | |
| Place of publication, distribution, etc | Oxford, |
| Name of publisher, distributor, etc | Clarendon Press, |
| Date of publication, distribution, etc | 1963. |
| 300 ## - PHYSICAL DESCRIPTION | |
| Extent | 316 p. |
| 500 ## - GENERAL NOTE | |
| General note | Revision of thesis--Oxford University. |
| 504 ## - BIBLIOGRAPHY, ETC. NOTE | |
| Bibliography, etc | Bibliography: p. [297]-309. |
| 600 10 - SUBJECT ADDED ENTRY--PERSONAL NAME | |
| Personal name | Alembert, Jean Le Rond d', |
| Dates associated with a name | 1717-1783. |
| 9 (RLIN) | 5754 |
| 906 ## - LOCAL DATA ELEMENT F, LDF (RLIN) | |
| a | 7 |
| b | cbc |
| c | oclcrpl |
| d | u |
| e | ncip |
| f | 19 |
| g | y-gencatlg |
| 942 ## - ADDED ENTRY ELEMENTS (KOHA) | |
| Source of classification or shelving scheme | Library of Congress Classification |
| Koha item type | Monograph ( Printed materials) |
| Withdrawn status | Lost status | Source of classification or shelving scheme | Damaged status | Not for loan | Collection code | Home library | Current library | Shelving location | Date acquired | Total Checkouts | Full call number | Barcode | Date last seen | Price effective from | Koha item type |
|---|---|---|---|---|---|---|---|---|---|---|---|---|---|---|---|
| Library of Congress Classification | Main Collection | ARRUPE LIBRARY | ARRUPE LIBRARY | Main Collection | 02/11/2016 | B1936 .G7 1963 | 46500009979 | 02/11/2016 | 02/11/2016 | Monograph ( Printed materials) |